Syndróm diabetickej nohy a jeho moderná liečba

Bibliographic Details
Main Authors: Martinka, Emil (Author), Kurča, Egon, 1964- (Author), Bencúr, Ondrej, 1956- (Author)
Format: Article
Language:Slovak
PhysicalDescription:Obr., tab.
ISSN:1335-8359
Subjects:

MARC

LEADER 00000nab a2200000 a 4500
001 vtls008874900
003 SK-MaSNL
005 20260304204920.0
008 250505c2005 xo 0 slo
015 |a SNBCL2005/5 
035 |a SLK036241 
035 |a urn:nbn:sk:snk-ab32sp 
035 |a (urnnbn)urn:nbn:sk:snk:ar-a05qhm 
035 |a (uuid)9ef90e80-9ef3-4fd6-858e-bb8988ffcf0e 
040 |a SNKBUCL  |b slo  |c SNKBUCL  |e AACR2 
041 0 |a slo  |b eng  |b slo 
044 |a xo  |c SK 
080 |a 616.379-008.64-06:617.58-005.4  |2 1981 
100 1 |a Martinka, Emil  |u Národný endokrinologický a diabetologický ústav, Ľubochňa  |4 aut  |9 476563 
245 1 0 |a Syndróm diabetickej nohy a jeho moderná liečba  |c Emil Martinka, Egon Kurča, Ondrej Bencúr 
246 1 0 |a Diabetic foot syndrome and its modern treatment 
246 1 1 |a Diabetic foot syndrome and its modern treatment 
300 |b Obr., tab. 
504 |a Res. angl., slov. 
504 |a Bibliogr. odkazy 
650 0 7 |a noha diabetická  |x klasifikácia  |2 MESH  |9 1505956 
650 0 7 |a diabetická neuropatia  |2 MESH  |9 68378 
650 0 7 |a diabetické angiopatie  |2 MESH  |9 19504 
650 0 7 |a ischémia  |x ošetrovanie  |2 MESH  |9 1538635 
650 0 7 |a výchova a poučenie pacientov  |2 MESH  |9 25823 
650 0 7 |a dolné končatiny  |2 MESH  |9 28862 
700 1 |a Kurča, Egon,  |d 1964-  |4 aut  |9 197443 
700 1 |a Bencúr, Ondrej,  |d 1956-  |4 aut  |9 9896 
773 0 |t Interná medicína  |g Roč. 5, č. 10 (2005), s. 547-550, 552-555  |x 1335-8359 
850 |a Slovenská národná knižnica 
852 |a Slovenská národná knižnica 
954 |a odborná, vedecká literatúra pôvodná (slovenská)  |2 lita 
958 |a article2022 
958 |a OND 
958 |a EUIPO 
999 |c 3118521  |d 3120451